LEADER 00587naa a2200145 i 4500 001 000000305116 003 CaOOAMICUS 005 20180831172832.0 008 180831n xx u000 u lat u 013 $a13153 040 $aSeMil$bita 100 0 $aIoannes : Damascenus,$c.$0(OLS)http://semarc/name/5743 245 10$aSermones in dormitionem Mariae. 773 0 $tSermones in dormitionem Mariae.$dTurnhout : Brepols, 2000.$kCorpus Christianorum. Continuatio Mediaevalis$z2-503-04541-3$gp.154-209$w()90092 996 $6245$aSermones in dormitionem Mariae$9(OLS)http://semarc/title/380808 LEADER 01031nam a2200277 i 4500 001 000000190890 003 CaOOAMICUS 005 20151027000000.0 008 151027s1995 it u000 u ita u 013 $a169364 020 $a88-308-0018-X 040 $aSeMil$bita 100 1 $aSpinsanti, Sandro,$d<1942- >.$0(OLS)http://semarc/name/12161 245 12$aL'ascolto che guarisce /$cS. Spinsanti ... [et al.]. 250 $a2. Ed. 260 $aAssisi :$bCittadella,$c1995. 300 $a196 p. ;$c19 cm. 490 0 $aPsicoguide 650 4$aAscolto .$0(OLS)http://semarc/subject/15694 830 0$aPsicoguide.$0(OLS)http://semarc/title/6487 850 $aSeMil 852 $aSeMil$W1$xVenegono$y1$m2O I 100$j141504$B141504$CSeMilBibl$Z2$F153061 $81 961 $aOmaggio: Martinelli don Romano 996 $6020$a88-308-0018-X$9(OLS)http://semarc/number/181885 996 $6245$aL'ascolto che guarisce$9(OLS)http://semarc/title/275051 996 $6260$aAssisi :$bCittadella$9(OLS)http://semarc/publisher/29661